000 00876cam a22002771a 4500
001 he 67000496
003 DLC
005 20260227111444.0
008 861103s1964 nyu 000 1 yidr
010 _ahe 67000496
035 _a(OCoLC)19303258
040 _aDLC
_cMH
_dTxU
_dOU
_dDLC
042 _apremarc
050 0 0 _aPJ5053.H384
_bH38
100 1 _aHazaz, Haim,
_d1898-1973.
240 1 0 _aḤagorat mazalot.
_lYiddish
245 1 4 _aDer ṭaykh geyṭ /
_cḤayim Hazaz ; Yidish, L. Olitsḳi.
260 _aNyu York :
_bDer Kval,
_c1964.
300 _a296 p. ;
_c24 cm.
500 _aTitle on t.p. verso: The river rolls = Der Teich geht.
500 _aTranslation of Ḥagorat mazalot.
505 0 _aAn ayngefalener horizonṭ. -- A ḥupe un a ringl.--Der ṭaykh geyṭ.
700 1 _aOlitsky, L.
740 4 _aThe river rolls.
740 4 _aDer Teich geht.
999 _c32222
_d32222